Регионална библиотека "Любен Каравелов" - Русе

Кактуси (Запис номер 124468)

MARC детайли
000 -Лидер
Контролно поле с фиксирана дължина 01224nam a2200301 c 4500
003 - Код на организацията, давaща контролен номер
Контролно поле BLK
005 - Дата и час на последна редакция
Контролно поле 20180422111020.0
008 - Елементи от данни с фиксирана дължина
fixed length control field 180409b bul|||||r ||||||| ||bul||
010 ## - Наследен системен номер
LC control number KNG00130134000
040 ## - Източник на каталожния запис
Идентификатор на билиотеката - собственик на записа BLK
041 ## - Код за език
Код за езика на текст/звукозапис или на отделно заглавие Български
Код за езика КДБФ Български
080 ## - УДК
Текстов определител УДК Българска литература
УДК код - определител по УДК 821.163.2
УДК определител -93-32
УДК - код + определител 821.163.2-93-32
100 1# - Редна дума - Автор
Автор Бобев, Петър
Авторска отговорност първи автор
Автор - информация (биография) Петров, Петър Бобев
R(LIN) 246905
139 ## - Редно поле
Редна дума Бобев, Петър
Авторски знак Бо - Б 52
245 10 - Сведения за заглавието
Заглавие Кактуси
Подзаглавни данни Разкази за юноши
Редно поле (дума) Петър Бобев; худож. Иван Кьосев; * Петър Бобев Петров.
257 ## - Страна на издаване
Страна на създаване/издаване България
260 ## - Област на издателските данни
-- София
Име на издателя, разпространителя и проч. Нар. култура
Година на издаване 1961
300 ## - Физическа характеристика
Страници 124 с.
Илюстрации и др. с ил.
Размери/Мащаб 25 см
380 ## - Жанр
Жанр Детска худож. лит.
500 ## - Общи забележки
Забележка Пълното име на автора е Петър Бобев Петров. - 8 080 тир.
700 1# - Други автори (авторска отговорност)
Лично име Кьосев, Иван
Автороска отговорност (Описва отношението между автора и произведението) худож.
9 (RLIN) 367385
700 1# - Други автори (авторска отговорност)
Лично име Петров, Петър Бобев
Автороска отговорност (Описва отношението между автора и произведението) *
9 (RLIN) 318763
852 ## - Местоположение
Форматна сигнатура Цб 18611
856 4# - Електронен адрес и достъп
Електронен формат pdf - файл
Път до файла /url/
856 4# - Електронен адрес и достъп
Електронен формат pdf - файл
Път до файла /url/
942 ## - АРТИКУЛИ
Вид на библиотечния материал Книги
Скрит в OPAC Не
944 ## - СЪЗДАВАНЕ И РЕДАКЦИЯ на ЗАПИСА
Създаване/Редакция Създаване
Дата на регистрацията/редакция 26.04.2012
Статус, дата на статуса 26.04.2012 - от С1,Р / 26.04.2012
Служител, извършил регистрацията/редакцията Пролет_Жекова
944 ## - СЪЗДАВАНЕ И РЕДАКЦИЯ на ЗАПИСА
Създаване/Редакция Редакция
Дата на регистрацията/редакция 26.04.2012
Статус, дата на статуса 26.04.2012 - от С1,Р / 26.04.2012
Служител, извършил регистрацията/редакцията
999 ## - СИСТЕМНИ КОНТРОЛНИ НОМЕРА
Koha biblionumber 124468
Koha biblioitemnumber 124468
Наличности
Код за отписване Код за изгубен артикул Източник на класификационната схема Код за повреда Коз за рестрикции Код за отдаване Артикулен № Име на библиотеката - собственик Име на библиотеката, в която се намира в момента Статус (Текущо местоположение) Дата на вписване в системата Местоположение - отдел Цена в лева Инвентарен номер Систематично азбучна сигнатура Баркод Номер на екземпляра Цена в евро Служебна бележка Служебен тип на артикула
  Не е изгубен Universal Decimal Classification Не е повреден без рестрикции ползва се в читалня 202000 Регионална библиотека "Любен Каравелов" Русе Регионална библиотека "Любен Каравелов" Русе Хранилище 1961-01-01 Хранилище 0.42 4552/61 Цб 18611 900000086484 1 0.21 N: стар фонд Дата: 01.01.1961 Книги
Изтеглен Не е изгубен Universal Decimal Classification Не е повреден без рестрикции заемане за дома 202001 Регионална библиотека "Любен Каравелов" Русе Регионална библиотека "Любен Каравелов" Русе Заемна - подръчен фонд 1961-01-01 Заемна - подръчен фонд 0.00 3768/61 П 886.7-32/Б 52 3768/61 2 0.00 N: стар фонд Дата: 01.01.1961 Книги
Изтеглен Не е изгубен Universal Decimal Classification Не е повреден без рестрикции заемане за дома 202002 Регионална библиотека "Любен Каравелов" Русе Регионална библиотека "Любен Каравелов" Русе Заемна - подръчен фонд 1961-01-01 Заемна - подръчен фонд 0.00 3771/61 П 886.7-32/Б 52 3771/61 3 0.00 N: стар фонд Дата: 01.01.1961 Книги
Изтеглен Не е изгубен Universal Decimal Classification Не е повреден без рестрикции заемане за дома 202003 Регионална библиотека "Любен Каравелов" Русе Регионална библиотека "Любен Каравелов" Русе Заемна - подръчен фонд 1961-01-01 Заемна - подръчен фонд 0.00 3775/61 П 886.7-32/Б 52 3775/61 4 0.00 N: стар фонд Дата: 01.01.1961 Книги
  Не е изгубен Universal Decimal Classification Не е повреден без рестрикции заемане за дома 202004 Регионална библиотека "Любен Каравелов" Русе Регионална библиотека "Любен Каравелов" Русе Детски отдел 1961-01-01 Детски отдел 0.04 5594/61 ДХ 886.7/Б 52 900000103187 5 0.02 N: стар фонд Дата: 01.01.1961 Дата инв: 28.08.2015 Бележки инв: Д2015 Книги
Vip Innovations Ltd, Rousse, Bulgaria 2025